|
|
|
|
| LEADER |
01513nam a22003972a 4500 |
| 001 |
000212427 |
| 003 |
CZ BrMZK |
| 005 |
20170217113628.0 |
| 007 |
ta |
| 008 |
970107s1983 xr e f cze d |
| 015 |
|
|
|a cnb000002045
|
| 035 |
|
|
|a (OCoLC)39595295
|
| 040 |
|
|
|a BOA001
|b cze
|
| 043 |
|
|
|a e-cs---
|
| 072 |
|
7 |
|a 37
|x Výchova a vzdělávání
|2 Konspekt
|9 22
|
| 080 |
|
|
|a 629.5:689
|2 MRF
|
| 080 |
|
|
|a 379.81/.84
|2 MRF
|
| 080 |
|
|
|a (437)
|2 MRF
|
| 080 |
|
|
|a (036)
|2 MRF
|
| 100 |
1 |
|
|a Grégr, Karel
|7 mzk2014840900
|4 aut
|
| 245 |
1 |
0 |
|a Zájmové kroužky lodního modelářství :
|b soubor programů, organizačních pokynů a metodických námětů /
|c zpracoval Karel Grégr
|
| 250 |
|
|
|a 1. vyd.
|
| 260 |
|
|
|a Praha :
|b Státní pedagogické nakladatelství,
|c 1983
|
| 300 |
|
|
|a 23 s.
|
| 490 |
1 |
|
|a Programy ;
|v sv. 24
|
| 504 |
|
|
|a Obsahuje bibliografii
|
| 550 |
|
|
|a Vydavatel: Ústřední dům pionýrů a mládeže Julia Fučíka
|
| 650 |
0 |
7 |
|a lodní modelářství
|7 ph208150
|2 czenas
|
| 650 |
0 |
7 |
|a zájmová činnost
|7 ph127722
|z Československo
|2 czenas
|
| 655 |
|
7 |
|a informační publikace
|7 fd132454
|2 czenas
|
| 710 |
2 |
|
|a Ústřední dům pionýrů a mládeže Julia Fučíka
|7 kn20050428063
|4 isb
|
| 830 |
|
0 |
|a Programy
|
| 910 |
|
|
|a BOA001
|b X-0856.282
|b PK-0094.549
|
| 990 |
|
|
|a BK
|
| 996 |
6 |
|
|b 2619175641
|c X-0856.282
|l MZK
|r Sklad / do 24 hodin
|n 0
|w 000212427
|u 000020
|a 1
|e BOA001
|j MZK50
|s P
|
| 996 |
7 |
|
|b 3119902426
|c PK-0094.549
|l MZK
|r Sklad / do 1 hodiny
|n 0
|w 000212427
|u 000010
|a 1
|e BOA001
|j MZK50
|s A
|